Hồng Lâu Mộng Tiểu thuyết T.2
v...v
Đã lưu trong:
| Tác giả chính: | |
|---|---|
| Định dạng: | Sách |
| Năm xuất bản: |
H.
Văn học
1996
|
| Chủ đề: | |
| Tags: |
Thêm thẻ
Không có thẻ, Hãy là người đầu tiên gắn thẻ bản ghi này!
|
| LEADER | 00602nam a2200169 4500 | ||
|---|---|---|---|
| 082 | |a 895.1 |b T108T | ||
| 100 | |a Tào Tuyết Cần | ||
| 245 | |a Hồng Lâu Mộng |c Tào Tuyết Cần, Vũ Bội Hoàng,Trần Quảng dịch |n T.2 |b Tiểu thuyết | ||
| 260 | |a H. |b Văn học |c 1996 | ||
| 300 | |a 714 tr. |c 19 cm | ||
| 520 | |a v...v | ||
| 653 | |a Văn học trung đại | ||
| 653 | |a Trung Quốc | ||
| 653 | |a Tiểu thuyết | ||
| 942 | |2 ddc |c SH | ||
| 999 | |c 5416 |d 5416 | ||
| 952 | |0 0 |1 0 |2 ddc |4 0 |6 895_100000000000000_T108T |7 0 |8 800 |9 51221 |a qbu |b qbu |c D5 |d 2014-12-22 |g 50000 |o 895.1 T108T |p 610.c1 |r 0000-00-00 |w 2014-12-22 |y SH | ||